000 01080cam a22002535a 4500
001 L159366
008 16129 s2016 xxk f 000 0 eng d
020 _a9781315739236
035 _a(Sirsi) u159366
041 0 _aeng
050 0 4 _a624.08 $2 18
100 1 _aHughes, Kevin
245 0 0 _aNEC3 construction contracts 100 questions and answers
_h[electronic resource]
250 _a1st edition
260 _aLondon
_bRoutledge Ltd M.V.A
_c2016
520 _aConsiders 100 questions and answers relating to the use of NEC3 construction contracts. Topics covered include early warnings and risk registers, contractor's design, testing and defects, payment provisions, title, indemnity insurance and liability, termination provisons, dealing with disputes and preparing and assessing tenders.
590 _aKA
650 2 4 _aEBOOK
650 2 4 _aNEW ENGINEERING CONTRACT (THIRD EDITION)
651 4 _aUnited Kingdom
_y
690 _aContracts
_96232
856 4 0 _uhttps://www.vlebooks.com/
_zView on VLEbooks. Logins for members only from [email protected]
942 _n0
999 _c115838
_d115838